|
|
|
|
| LEADER |
01010nam a22002532a 4500 |
| 001 |
001680363 |
| 003 |
CZ BrMZK |
| 005 |
20190429091333.0 |
| 007 |
ta |
| 008 |
190425s1954 xr a er|||||||||||cze d |
| 015 |
|
|
|a cnb001070326
|
| 035 |
|
|
|a (OCoLC)85646349
|
| 040 |
|
|
|a ABA001
|b cze
|c ABA001
|d ABA001
|d BOA001
|
| 100 |
1 |
|
|a Smolař, Václav,
|d 1903-1993
|7 jk01120110
|4 aut
|
| 245 |
1 |
0 |
|a Aerodynamické váhy bez rušivého vlivu pružnosti závěsu na výsledky měření /
|c Václav Smolař a Jiří Krejčí
|
| 260 |
|
|
|a Brno :
|b Vojenská technická akademie Antonína Zápotockého,
|c [1954]
|
| 300 |
|
|
|a 15 s. :
|b il. ;
|c 8°
|
| 504 |
|
|
|a Obsahuje bibliografii
|
| 700 |
1 |
|
|a Krejčí, Jiří,
|c vojenský odborník
|4 aut
|
| 772 |
0 |
8 |
|i Separát ze seriálu:
|t Sborník Vojenské technické akademie Antonína Zápotockého,
|g roč. 1954, čís. 5
|
| 910 |
|
|
|a BOA001
|b X-0369.260
|
| 990 |
|
|
|a BK
|
| 991 |
|
|
|b 201904
|
| 996 |
6 |
|
|b 2618984800
|c X-0369.260
|l MZK
|r Sklad / do 24 hodin
|n 0
|w 001720471
|u 000010
|a 1
|e BOA001
|j MZK50
|s P
|